[Event "OLNO 2122 SK König Tegel II - SF Berli"]
[Site "?"]
[Date "2022.05.01"]
[Round "9.4"]
[White "Von Herman, Ulf"]
[Black "Gaerths, Ronny"]
[Result "1/2-1/2"]
[WhiteElo "2349"]
[BlackElo "2131"]
[PlyCount "27"]
[EventDate "2022.??.??"]

1. e4 e6 2. d4 d5 3. e5 Bd7 4. Nf3 a6 5. Nc3 c5 6. dxc5 Bxc5 7. Bd3 Nc6 8. O-O
Nge7 9. a3 Ng6 10. Re1 O-O 11. b4 Ba7 12. b5 Na5 13. h4 Rc8 14. Bd2 {(=)}
1/2-1/2

[Event "OLNO 2122 SK König Tegel II - SF Berli"]
[Site "?"]
[Date "2022.05.01"]
[Round "9.5"]
[White "Van Hasselt, Frank"]
[Black "Jahnz, Fabian"]
[Result "0-1"]
[WhiteElo "2223"]
[BlackElo "2254"]
[PlyCount "108"]
[EventDate "2022.??.??"]

1. c4 c6 2. g3 d5 3. Nf3 Nf6 4. Bg2 dxc4 5. O-O Nbd7 6. a4 a5 7. b3 cxb3 8.
Qxb3 Qb6 9. Qc2 Nc5 10. Na3 Nd5 11. d4 Na6 12. Nc4 Qd8 13. e4 Ndb4 14. Qc3 e6
15. Bg5 f6 16. Be3 Be7 17. Rfd1 O-O 18. d5 cxd5 19. Nb6 Rb8 20. exd5 exd5 21.
Nd2 Be6 22. Nb3 Bd6 23. Nd4 Bf7 24. Nb3 Be5 25. Qd2 d4 26. Nxd4 Qxb6 27. Nc6
Qxc6 28. Bxc6 Bxa1 29. Bg2 Be5 30. Ba7 Rbc8 31. Bb6 Bc7 32. Bxc7 Nxc7 33. Bxb7
Rb8 34. Bf3 Ncd5 35. Qd4 Nb6 36. Qc5 Nc4 37. Qa7 Ne5 38. Bg2 Rbd8 39. Rb1 Nc4
40. h4 Rfe8 41. Rc1 Nd3 42. Rb1 Ndb2 43. Bc6 Re6 44. Qc7 Red6 45. Re1 Ne5 46.
Be4 Nbc4 47. f4 R6d7 48. Qc5 Nd3 49. Bxd3 Rxd3 50. Kh2 Rd2+ 51. Kh3 h5 52. Re7
Bd5 53. g4 Bg2+ 54. Kh2 Be4+ 0-1

[Event "OLNO 2122 SK König Tegel II - SF Berli"]
[Site "?"]
[Date "2022.05.01"]
[Round "9.6"]
[White "Acikel, Mert"]
[Black "Weber, Daniel"]
[Result "1/2-1/2"]
[WhiteElo "2149"]
[BlackElo "2130"]
[PlyCount "119"]
[EventDate "2022.??.??"]

1. e4 c6 2. Nc3 d5 3. Nf3 dxe4 4. Nxe4 Nf6 5. Qe2 Nxe4 6. Qxe4 Qd5 7. Qh4 Qe6+
8. Be2 Qg4 9. d4 Qxh4 10. Nxh4 Nd7 11. Be3 e6 12. O-O Be7 13. Nf3 b6 14. a4 a5
15. Ne5 Nxe5 16. dxe5 c5 17. Rfd1 O-O 18. Rd2 Rd8 19. Rad1 Rxd2 20. Rxd2 h6 21.
Kf1 Kf8 22. Rd3 Ke8 23. Rb3 Bd8 24. Bb5+ Bd7 25. Ke2 Bxb5+ 26. Rxb5 Kd7 27. Kd3
Kc6 28. c4 Bc7 29. f4 Rd8+ 30. Ke2 h5 31. Rb3 g6 32. Rd3 Rxd3 33. Kxd3 Bd8 34.
Ke4 Be7 35. h3 Bd8 36. g4 hxg4 37. hxg4 Be7 38. Bf2 Kd7 39. Kf3 Bd8 40. Kg2 f6
41. exf6 Bxf6 42. b3 Kd6 43. Kf3 Kc6 44. Bg3 Kd7 45. Kg2 Ke8 46. Kf3 Kd7 47.
Ke4 Kc6 48. Kd3 Kd7 49. Be1 Kd6 50. Bd2 Bd4 51. Ke4 Bf6 52. Be1 Kc6 53. Bg3 Kd7
54. Kf3 Kc6 55. Kg2 Kd7 56. Kh3 Ke8 57. Be1 Kf7 58. Bg3 Ke8 59. g5 Bc3 60. Kg4
1/2-1/2

[Event "OLNO 2122 SK König Tegel II - SF Berli"]
[Site "?"]
[Date "2022.05.01"]
[Round "9.7"]
[White "Offermann, Fernando"]
[Black "Niehaus, Frank"]
[Result "1/2-1/2"]
[WhiteElo "2151"]
[BlackElo "2074"]
[PlyCount "54"]
[EventDate "2022.??.??"]

1. d4 Nf6 2. Nf3 g6 3. g3 Bg7 4. Bg2 O-O 5. O-O d6 6. b3 e5 7. dxe5 Nfd7 8. Bb2
dxe5 9. Qc1 Nc6 10. Rd1 Re8 11. Nfd2 Qg5 12. Nc3 Nd4 13. e3 Ne6 14. a4 Qh5 15.
a5 a6 16. Nd5 c6 17. Nc3 Ndc5 18. b4 Nd7 19. Nce4 Nf6 20. Nd6 Rd8 21. Nxc8
Raxc8 22. Nc4 Nd5 23. c3 Ng5 24. h4 Nf3+ 25. Kf1 Nh2+ 26. Kg1 Nf3+ 27. Kf1 Nh2+
{(=)} 1/2-1/2

[Event "OLNO 2122 SK König Tegel II - SF Berli"]
[Site "?"]
[Date "2022.05.01"]
[Round "9.8"]
[White "Rath, Alina"]
[Black "Lachmann, Utz"]
[Result "0-1"]
[WhiteElo "2057"]
[BlackElo "2093"]
[PlyCount "44"]
[EventDate "2022.??.??"]

1. c4 f5 2. Nc3 Nf6 3. d4 g6 4. g3 Bg7 5. Bg2 O-O 6. Nf3 d6 7. O-O Nc6 8. d5
Na5 9. Qd3 c5 10. Rb1 a6 11. Bd2 b5 12. cxb5 axb5 13. Nxb5 Ba6 14. a4 Ne4 15.
b4 c4 16. Qc2 Nb3 17. Na3 Nexd2 18. Nxd2 Nd4 19. Qd1 c3 20. e3 Be2 21. Qc1 cxd2
22. Qxd2 Bxf1 0-1

[Event "OLNO 2122 Forster SC 95 - Greifswalder"]
[Site "?"]
[Date "2022.05.01"]
[Round "9.1"]
[White "Weber, Max"]
[Black "Aliavdin, Nikolai"]
[Result "1/2-1/2"]
[WhiteElo "2259"]
[BlackElo "2310"]
[PlyCount "44"]
[EventDate "2022.??.??"]

1. Nf3 Nf6 2. c4 e6 3. g3 d5 4. d4 Be7 5. Bg2 O-O 6. O-O dxc4 7. Ne5 Nc6 8.
Bxc6 bxc6 9. Nxc6 Qe8 10. Nxe7+ Qxe7 11. Qa4 e5 12. dxe5 Qxe5 13. Qxc4 Be6 14.
Qc2 Bf5 15. Qd2 Rfe8 16. Nc3 Ne4 17. Nxe4 Qxe4 18. Re1 Bg4 19. Qc3 Bxe2 20. Be3
Qf3 21. Bd4 Qxc3 22. Bxc3 c5 {(=)} 1/2-1/2

[Event "OLNO 2122 Forster SC 95 - Greifswalder"]
[Site "?"]
[Date "2022.05.01"]
[Round "9.2"]
[White "Kleeschaetzky, Rainer"]
[Black "Skibbe, Willi"]
[Result "1/2-1/2"]
[WhiteElo "2280"]
[BlackElo "2172"]
[PlyCount "39"]
[EventDate "2022.??.??"]

1. e4 c5 2. c3 Nf6 3. e5 Nd5 4. Nf3 Nc6 5. Bc4 Nb6 6. Bb3 c4 7. Bc2 d5 8. exd6
Qxd6 9. O-O Bg4 10. h3 Bh5 11. Re1 Ne5 12. Rxe5 Bxf3 13. Qe1 Bd5 14. b3 e6 15.
Na3 Qc6 16. Qf1 Bd6 17. Re1 O-O 18. Nxc4 Nxc4 19. bxc4 Qxc4 20. Qxc4 {(=)}
1/2-1/2

[Event "OLNO 2122 Forster SC 95 - Greifswalder"]
[Site "?"]
[Date "2022.05.01"]
[Round "9.3"]
[White "Stubbe, Wilko"]
[Black "Bielinski, Dariusz"]
[Result "0-1"]
[WhiteElo "2222"]
[BlackElo "2105"]
[PlyCount "114"]
[EventDate "2022.??.??"]

1. e4 d6 2. d4 g6 3. f4 Bg7 4. Nf3 c5 5. d5 Nf6 6. Nc3 O-O 7. Be2 e6 8. dxe6
Bxe6 9. O-O Bg4 10. h3 Bxf3 11. Bxf3 Nc6 12. g4 Nd4 13. Bg2 b5 14. g5 Nd7 15.
Nd5 Nb6 16. Nxb6 Qxb6 17. c3 Nc6 18. f5 Be5 19. f6 c4+ 20. Kh1 b4 21. Qe1 bxc3
22. bxc3 Qa5 23. Rf3 h5 24. Bd2 Rab8 25. Bf1 Qa4 26. Be2 Rb2 27. Bd1 Qa5 28. a4
Rfb8 29. Rf1 Nd8 30. Qe3 Qb6 31. a5 Qxe3 32. Bxe3 Rh2+ 33. Kg1 Rxh3 34. Rf3
Rxf3 35. Bxf3 Nc6 36. Ra4 a6 37. Rxc4 Nxa5 38. Rc7 Nb3 39. Ra7 Bxc3 40. Rxa6
Bd4 41. Kf2 Rd8 42. Bg2 Bxe3+ 43. Kxe3 Nc5 44. Rb6 Ne6 45. Rb5 Rc8 46. Rb6 Rc3+
47. Kf2 Rc2+ 48. Kg1 Rd2 49. Rb5 h4 50. Bh3 Nf4 51. Bf1 h3 52. Rb8+ Kh7 53. Bc4
Rg2+ 54. Kh1 Nh5 55. Rb3 Ng3+ 56. Rxg3 Rxg3 57. Bxf7 Rxg5 0-1

[Event "OLNO 2122 Forster SC 95 - Greifswalder"]
[Site "?"]
[Date "2022.05.01"]
[Round "9.4"]
[White "Dabrowski, Grzegorz"]
[Black "Leisner, Hannes"]
[Result "1-0"]
[WhiteElo "2050"]
[BlackElo "2208"]
[PlyCount "75"]
[EventDate "2022.??.??"]

1. e4 c5 2. Nf3 e6 3. Nc3 a6 4. d4 cxd4 5. Nxd4 Qc7 6. Bd3 Nc6 7. Be3 Nf6 8.
O-O b5 9. Kh1 Bb7 10. Qe2 Be7 11. f4 b4 12. Nd1 d6 13. c3 O-O 14. Rc1 Nxd4 15.
cxd4 Qa5 16. Nf2 Rfc8 17. Bd2 Qb6 18. e5 Nd7 19. Be3 Qa5 20. Ra1 Nf8 21. Ne4
Qd5 22. Rf3 Ng6 23. Rh3 Rc7 24. Qh5 Bh4 25. Rxh4 Nxh4 26. Qxh4 f5 27. exf6 Rf8
28. fxg7 Rxg7 29. Rg1 Qf5 30. Nc5 Qf7 31. Nxb7 Qxb7 32. Qh3 Re8 33. b3 a5 34.
f5 exf5 35. Bxf5 Qe7 36. Bh6 Rf7 37. d5 Kh8 38. Be6 1-0

[Event "OLNO 2122 Forster SC 95 - Greifswalder"]
[Site "?"]
[Date "2022.05.01"]
[Round "9.5"]
[White "Stopsack, Malte"]
[Black "Stahr, Ralf-Peter"]
[Result "1-0"]
[WhiteElo "2219"]
[BlackElo "2148"]
[PlyCount "123"]
[EventDate "2022.??.??"]

1. e4 c5 2. Nc3 Nc6 3. Bb5 e6 4. Bxc6 bxc6 5. d3 d5 6. f4 Nf6 7. e5 Nd7 8. Nf3
Be7 9. O-O O-O 10. Qe1 f6 11. exf6 Nxf6 12. Ne5 Qb6 13. Na4 Qa6 14. b3 Nd7 15.
Nxd7 Bxd7 16. c4 Bd6 17. Qe3 d4 18. Qe4 e5 19. fxe5 Rxf1+ 20. Kxf1 Bf5 21. Qe2
Re8 22. Bf4 Qb7 23. Kg1 Qf7 24. Qf3 Bxe5 25. Nxc5 Qg6 26. Re1 Bxf4 27. Rxe8+
Qxe8 28. Qxf4 Qe1+ 29. Qf1 Qe3+ 30. Kh1 a5 31. a3 g6 32. h3 h5 33. Qg1 Qe5 34.
b4 axb4 35. axb4 Kg7 36. Qf2 Kh6 37. Kg1 Kg5 38. h4+ Kh6 39. Qd2+ Kg7 40. Kf2
Kh7 41. Qe1 Qf4+ 42. Kg1 Qd6 43. Ne4 Bxe4 44. Qxe4 Kg7 45. c5 Qf6 46. b5 cxb5
47. c6 Qd6 48. Qe8 Kf6 49. Qc8 Qg3 50. Qd8+ Kf7 51. Qd5+ Ke8 52. Qxd4 b4 53.
Qxb4 Qe3+ 54. Kh2 Qe5+ 55. Kg1 Qe3+ 56. Kh1 Qxd3 57. Qb8+ Ke7 58. Qe5+ Kd8 59.
Kh2 Qc2 60. Qd6+ Ke8 61. Qd7+ Kf8 62. c7 1-0

[Event "OLNO 2122 Forster SC 95 - Greifswalder"]
[Site "?"]
[Date "2022.05.01"]
[Round "9.6"]
[White "Szylko, Waldemar"]
[Black "Kuersten, Ruediger"]
[Result "0-1"]
[WhiteElo "1906"]
[BlackElo "2180"]
[PlyCount "114"]
[EventDate "2022.??.??"]

1. e4 c6 2. Nc3 d5 3. d4 dxe4 4. Nxe4 Bf5 5. Ng3 Bg6 6. Nf3 Nd7 7. h4 h6 8. h5
Bh7 9. Bd3 Bxd3 10. Qxd3 e6 11. Bd2 Ngf6 12. Qe2 Be7 13. O-O-O O-O 14. Ne5 c5
15. Nxd7 Qxd7 16. dxc5 Qc6 17. f3 Rfc8 18. Ne4 Nxe4 19. fxe4 Qxc5 20. Bc3 Rc7
21. Bd4 Qa5 22. Kb1 Rac8 23. c3 Rd8 24. g4 Bg5 25. Rhf1 Rcd7 26. e5 Qd5 27.
Rde1 b5 28. Qf3 Qc4 29. Qe2 Qc6 30. Qf3 Qc7 31. a3 a5 32. Qf2 Rc8 33. Bb6 Qc4
34. Qe2 Rd2 35. Qxc4 Rxc4 36. Bd4 b4 37. axb4 axb4 38. Rd1 bxc3 39. bxc3 Re2
40. Rf3 Rc8 41. Ba7 Rxe5 42. Rd7 Bf6 43. Bd4 Rb5+ 44. Kc2 e5 45. Ba7 Ra5 46.
Kb3 Ra8 47. Bf2 Ra3+ 48. Kc4 R8a4+ 49. Kb5 Rxg4 50. Bc5 Ra2 51. Rf2 Ra1 52. Ra7
Rb1+ 53. Bb4 e4 54. Ra8+ Kh7 55. c4 Bc3 56. Ra4 e3 57. Rc2 Re4 0-1

[Event "OLNO 2122 Forster SC 95 - Greifswalder"]
[Site "?"]
[Date "2022.05.01"]
[Round "9.7"]
[White "Valet, Richard"]
[Black "Zeihser, Michael"]
[Result "1/2-1/2"]
[WhiteElo "2019"]
[BlackElo "2115"]
[PlyCount "62"]
[EventDate "2022.??.??"]

1. e4 c5 2. Nc3 d6 3. g3 Nf6 4. Bg2 Nc6 5. d3 g6 6. f4 Bg7 7. Nf3 O-O 8. O-O
Nd4 9. h3 Rb8 10. Be3 Nd7 11. Qd2 b5 12. Nh4 b4 13. Nd1 a5 14. c3 Nb5 15. f5
Ne5 16. Rc1 bxc3 17. bxc3 c4 18. d4 Nd3 19. Rb1 Bd7 20. Nf2 Nxf2 21. Rxf2 Na3
22. Rbf1 a4 23. Bh6 Qa5 24. Bxg7 Kxg7 25. f6+ exf6 26. Rxf6 Rb1 27. d5 Rxf1+
28. Rxf1 Nb5 29. Rc1 Qb6+ 30. Kh2 f6 31. Qe2 Qc5 {(=)} 1/2-1/2

[Event "OLNO 2122 Forster SC 95 - Greifswalder"]
[Site "?"]
[Date "2022.05.01"]
[Round "9.8"]
[White "Goldschmidt, Juergen"]
[Black "Schwahn, Christian"]
[Result "1/2-1/2"]
[WhiteElo "1893"]
[BlackElo "1947"]
[PlyCount "51"]
[EventDate "2022.??.??"]

1. c4 Nf6 2. Nc3 e5 3. g3 Nc6 4. Bg2 Bc5 5. d3 O-O 6. Nf3 Re8 7. O-O a5 8. Bg5
Be7 9. Rb1 d6 10. a3 Be6 11. Nd2 Qd7 12. Bxf6 Bxf6 13. Nd5 Bd8 14. Re1 Rb8 15.
b4 axb4 16. axb4 Ne7 17. b5 c6 18. bxc6 Nxc6 19. Nb6 Bxb6 20. Rxb6 d5 21. cxd5
Bxd5 22. Bxd5 Qxd5 23. Qb1 Nd4 24. Ne4 Re6 25. f3 Qa5 26. Rxe6 {(=)} 1/2-1/2

[Event "OLNO 2122 SC Empor Potsdam - SG Güstro"]
[Site "?"]
[Date "2022.05.01"]
[Round "9.1"]
[White "Luther, Alexander"]
[Black "Penzold, Andreas"]
[Result "1-0"]
[WhiteElo "2077"]
[BlackElo "2389"]
[PlyCount "111"]
[EventDate "2022.??.??"]

1. d4 Nf6 2. c4 g6 3. Nc3 Bg7 4. e4 d6 5. f4 O-O 6. Nf3 c5 7. d5 e6 8. dxe6
fxe6 9. Bd3 Nc6 10. O-O Nd4 11. Nxd4 cxd4 12. Nb5 e5 13. fxe5 dxe5 14. c5 Be6
15. Bg5 a6 16. Nd6 Qc7 17. Qc2 Nd7 18. b4 h6 19. Bc4 hxg5 20. Bxe6+ Kh7 21. Nf7
Bh6 22. Qd3 g4 23. Qg3 Be3+ 24. Kh1 Kg7 25. Qh4 Rae8 26. Bd5 a5 27. Nd6 Qd8 28.
Nxe8+ Qxe8 29. Rxf8 Qxf8 30. Bxb7 axb4 31. c6 Nc5 32. Qxg4 Qe7 33. Bc8 Qd6 34.
Bd7 d3 35. Qf3 Bg5 36. Rd1 d2 37. Be8 Qe7 38. Qf7+ Qxf7 39. Bxf7 Na6 40. Bc4
Nc7 41. Kg1 Kf6 42. Kf2 Ke7 43. Ke2 Kd6 44. Bd5 Nb5 45. Rxd2 Nd4+ 46. Rxd4 exd4
47. Kd3 Bf4 48. g3 Be3 49. Kc4 Bg1 50. h3 Bh2 51. g4 Be5 52. h4 Bf6 53. h5 gxh5
54. gxh5 Bg7 55. Kxb4 d3 56. Kb5 1-0

[Event "OLNO 2122 SC Empor Potsdam - SG Güstro"]
[Site "?"]
[Date "2022.05.01"]
[Round "9.2"]
[White "Tschernatsch, Johannes"]
[Black "Seiler, Dirk"]
[Result "0-1"]
[WhiteElo "2352"]
[BlackElo "2112"]
[PlyCount "168"]
[EventDate "2022.??.??"]

1. e4 e6 2. d4 d5 3. Nd2 Nf6 4. e5 Nfd7 5. Bd3 c5 6. c3 Nc6 7. Ne2 Qb6 8. Nf3
f6 9. exf6 Nxf6 10. O-O Bd6 11. Re1 O-O 12. Ng3 Bd7 13. a3 Rae8 14. b4 cxd4 15.
cxd4 a6 16. Ra2 Kh8 17. Bb1 a5 18. b5 Qxb5 19. Rb2 Qa6 20. Ne5 Qa7 21. Be3 Bxa3
22. Nxd7 Bxb2 23. Nxf6 gxf6 24. Qc2 b5 25. Qxc6 b4 26. Nh5 Qf7 27. Nf4 Bc3 28.
Rd1 Rc8 29. Qxe6 Qxe6 30. Nxe6 Rfe8 31. Nf4 b3 32. Nxd5 a4 33. Nxc3 Rxc3 34.
Bc1 Rc4 35. Kf1 Kg7 36. Bb2 Ra8 37. Be4 Ra7 38. Bd5 Rc2 39. Ba3 Rd7 40. Be6 Rb7
41. Ke1 Ra2 42. Bc5 Rc2 43. Bf5 Ra2 44. d5 b2 45. d6 Ra1 46. Bb1 Rd7 47. Bf5
Rb7 48. Bb1 Rd7 49. Kd2 a3 50. Kc3 Rxb1 51. Rxb1 a2 52. Kxb2 axb1=Q+ 53. Kxb1
Kf7 54. Kc2 Ke6 55. Bb4 Rb7 56. Kc3 Ra7 57. Bc5 Ra1 58. Kd3 Rh1 59. h3 Rh2 60.
g4 Rxh3+ 61. Ke4 Rc3 62. Bd4 Rc4 63. d7 Kxd7 64. Kd5 Rc6 65. f4 Ra6 66. Ke4 Ke6
67. f5+ Kf7 68. Be3 Ra4+ 69. Kf3 Ke7 70. g5 Rc4 71. Bf4 Kf7 72. Kg4 fxg5 73.
Kxg5 h6+ 74. Kg4 h5+ 75. Kf3 Kf6 76. Be3 Kxf5 77. Kg2 Kg4 78. Ba7 Rc2+ 79. Kg1
h4 80. Bd4 Kg3 81. Kh1 Rh2+ 82. Kg1 Rd2 83. Be5+ Kf3 84. Bf6 h3 0-1

[Event "OLNO 2122 SC Empor Potsdam - SG Güstro"]
[Site "?"]
[Date "2022.05.01"]
[Round "9.3"]
[White "Gebert-Vangeel, Ralf"]
[Black "Tiarks, Jann-Christian"]
[Result "1/2-1/2"]
[WhiteElo "2061"]
[BlackElo "2211"]
[PlyCount "36"]
[EventDate "2022.??.??"]

1. e4 c5 2. Nf3 d6 3. d4 cxd4 4. Nxd4 Nf6 5. Nc3 a6 6. Bg5 e6 7. f4 h6 8. Bh4
Qb6 9. Qd2 Qxb2 10. Nb3 Nbd7 11. Bxf6 gxf6 12. Be2 Nc5 13. O-O Qa3 14. f5 Be7
15. Bh5 Kf8 16. Nd4 e5 17. Nde2 Bd7 18. Ng3 Qa5 1/2-1/2

[Event "OLNO 2122 SC Empor Potsdam - SG Güstro"]
[Site "?"]
[Date "2022.05.01"]
[Round "9.4"]
[White "Milare, Tyron"]
[Black "Waschk, Armin"]
[Result "1-0"]
[WhiteElo "2300"]
[BlackElo "2149"]
[PlyCount "119"]
[EventDate "2022.??.??"]

1. d4 Nf6 2. Nf3 d5 3. c4 e6 4. Nc3 Bb4 5. Bg5 O-O 6. e3 h6 7. Bh4 b6 8. cxd5
exd5 9. Qb3 Bxc3+ 10. Qxc3 c6 11. Bd3 Qd6 12. Bg3 Qe6 13. Rc1 Bb7 14. O-O Nbd7
15. b4 a5 16. b5 c5 17. dxc5 bxc5 18. a4 Rfc8 19. Ne5 Nb6 20. Qa3 Nfd7 21. Nxd7
Nxd7 22. Rfd1 c4 23. Bc2 Nc5 24. Rd4 f5 25. Rf4 Ne4 26. f3 g5 27. fxe4 gxf4 28.
Bxf4 fxe4 29. Qc3 Kh7 30. Bd1 Rf8 31. g3 Qf6 32. Qxf6 Rxf6 33. Kf2 Kg6 34. Ke2
h5 35. Kd2 Rh8 36. h4 Rc8 37. Kc3 Rg8 38. Be2 Rc8 39. Rg1 Rcf8 40. Bf1 Kh7 41.
Be2 Kg6 42. Rc1 R6f7 43. Kd4 Rf6 44. Rc2 Rc8 45. Bf1 Rcf8 46. Bh3 R8f7 47. Kc5
Rf8 48. Bd7 Rd8 49. Bh3 Rdf8 50. Rc3 R8f7 51. Be5 Rf2 52. Be6 Re7 53. Kd6 Rxe6+
54. Kxe6 Ra2 55. Kd7 Rxa4 56. Kc7 Rb4 57. Kxb7 Rxb5+ 58. Kc6 Rb1 59. Kxd5 Kf5
60. Bf4 1-0

[Event "OLNO 2122 SC Empor Potsdam - SG Güstro"]
[Site "?"]
[Date "2022.05.01"]
[Round "9.5"]
[White "Kiel, Bernd"]
[Black "Trenner, Rolf"]
[Result "1-0"]
[WhiteElo "1989"]
[BlackElo "2177"]
[PlyCount "55"]
[EventDate "2022.??.??"]

1. e4 e5 2. Nf3 Nc6 3. d4 exd4 4. Nxd4 Qh4 5. Nc3 Bb4 6. Be2 Qxe4 7. Ndb5 Bxc3+
8. bxc3 Kd8 9. O-O a6 10. Bf3 Qg6 11. Nd4 Nge7 12. Bf4 d6 13. c4 Qf6 14. Nxc6+
bxc6 15. Qd2 h6 16. c5 d5 17. Rfe1 Re8 18. Rab1 Bd7 19. Bxc7+ Kxc7 20. Qa5+ Kc8
21. Qb6 Be6 22. Qb7+ Kd8 23. Qxa8+ Nc8 24. Qxc6 Qc3 25. Bxd5 Bd7 26. Rxe8+ Bxe8
27. Qxa6 Qxc2 28. Qa5+ 1-0

[Event "OLNO 2122 SC Empor Potsdam - SG Güstro"]
[Site "?"]
[Date "2022.05.01"]
[Round "9.6"]
[White "Jaeger, Uwe"]
[Black "Scharf, Christian"]
[Result "1/2-1/2"]
[WhiteElo "2237"]
[BlackElo "1274"]
[PlyCount "91"]
[EventDate "2022.??.??"]

1. e4 c5 2. c3 Nf6 3. e5 Nd5 4. d4 cxd4 5. Qxd4 e6 6. Nf3 Nc6 7. Qe4 d6 8. Nbd2
dxe5 9. Nxe5 Nxe5 10. Qxe5 Bd7 11. Be2 Qc7 12. Qxc7 Nxc7 13. O-O Bb5 14. c4 Bc6
15. Nf3 O-O-O 16. Be3 Kb8 17. a3 a5 18. Ne5 Be8 19. Rfd1 Be7 20. Rxd8+ Bxd8 21.
Rd1 Kc8 22. f4 Be7 23. g3 h5 24. Bf2 Na6 25. Nd3 h4 26. Bg4 hxg3 27. Bxg3 f5
28. Bf3 Nc5 29. Ne5 Nd7 30. Nxd7 Bxd7 31. Bxb7+ Kc7 32. Bf3 Rb8 33. Rd2 Bf6 34.
Be1 a4 35. Rd1 Rxb2 36. Ba5+ Kc8 37. c5 Rc2 38. Bb6 e5 39. fxe5 Bxe5 40. h4 Bg3
41. Bb7+ Kxb7 42. Rxd7+ Kc8 43. Rxg7 Bxh4 44. Ra7 Bf2+ 45. Kf1 Be3 46. Rxa4
1/2-1/2

[Event "OLNO 2122 SC Empor Potsdam - SG Güstro"]
[Site "?"]
[Date "2022.05.01"]
[Round "9.7"]
[White "Ebert, Lutz"]
[Black "Bachmann, Volker"]
[Result "0-1"]
[WhiteElo "1866"]
[BlackElo "2130"]
[PlyCount "106"]
[EventDate "2022.??.??"]

1. Nf3 f5 2. b4 Nf6 3. Bb2 g6 4. d4 Bg7 5. e3 O-O 6. c4 d6 7. Be2 Ne4 8. Nbd2
c5 9. b5 Qa5 10. O-O Nxd2 11. Qxd2 Qxd2 12. Nxd2 e5 13. d5 e4 14. Bxg7 Kxg7 15.
a4 Nd7 16. a5 Ne5 17. Ra3 Bd7 18. Rfa1 Rae8 19. g3 g5 20. b6 a6 21. Kg2 Re7 22.
Rc3 Ng6 23. Bh5 Ne5 24. Be2 Be8 25. h3 Bg6 26. f4 exf3+ 27. Nxf3 Nf7 28. Raa3
Rfe8 29. Kf2 Kf6 30. Bd1 Nh6 31. Nd2 Ng8 32. Ba4 Rf8 33. Bd1 h6 34. Bc2 Kg7 35.
Nf1 Nf6 36. Nd2 Ne4+ 37. Bxe4 fxe4+ 38. Kg1 Ref7 39. Ra1 Rf2 40. Nf1 Rb2 41.
Rca3 Rff2 42. Rc1 Be8 43. g4 Rfe2 44. Kh1 h5 45. h4 Bd7 46. gxh5 gxh4 47. Nd2
Rexd2 48. Rg1+ Kh6 49. Rg8 Rd1+ 50. Rg1 Rxg1+ 51. Kxg1 h3 52. Ra1 Bg4 53. Rf1
Bf3 0-1

[Event "OLNO 2122 SC Empor Potsdam - SG Güstro"]
[Site "?"]
[Date "2022.05.01"]
[Round "9.8"]
[White "Piersig, Hans-Juergen"]
[Black "Schott, Andy"]
[Result "1-0"]
[WhiteElo "2108"]
[BlackElo "1637"]
[PlyCount "37"]
[EventDate "2022.??.??"]

1. e4 c5 2. Nf3 d6 3. d4 cxd4 4. Nxd4 Nf6 5. Nc3 a6 6. Bg5 Nbd7 7. f4 Qc7 8.
Qf3 h6 9. Bxf6 Nxf6 10. f5 Rb8 11. Bd3 b5 12. Nd5 Nxd5 13. exd5 Bb7 14. O-O-O
Qa5 15. Kb1 h5 16. h4 Rh6 17. Be4 Rc8 18. Nc6 Qa4 19. Rd4 1-0

[Event "OLNO 2122 SC Empor Potsdam - SK König "]
[Site "?"]
[Date "2022.05.08"]
[Round "6.1"]
[White "Giemsa, Stephan"]
[Black "Penzold, Andreas"]
[Result "1/2-1/2"]
[WhiteElo "2285"]
[BlackElo "2389"]
[PlyCount "174"]
[EventDate "2022.??.??"]

1. d4 Nf6 2. Nf3 g6 3. Nbd2 d5 4. c4 Bg7 5. cxd5 Nxd5 6. e4 Nb6 7. Nb3 O-O 8.
Be2 a5 9. O-O Bg4 10. Be3 Nc6 11. d5 Bxf3 12. gxf3 Ne5 13. Rc1 a4 14. Nd4 Rc8
15. f4 Ned7 16. Bf3 Nf6 17. Qe2 Ne8 18. Rfd1 Bxd4 19. Bxd4 Ra8 20. b3 axb3 21.
axb3 Qd7 22. Bg4 f5 23. exf5 gxf5 24. Qe5 Rf6 25. Bf3 Qd6 26. Bc5 Qxe5 27. fxe5
Rg6+ 28. Kf1 Kf8 29. Ra1 Rb8 30. Rd4 Nd7 31. Ba7 Ra8 32. d6 exd6 33. Bxb7 Rxa7
34. Rxa7 Nxe5 35. Rf4 Ng7 36. Bc8 Ng4 37. Rxc7 Nxh2+ 38. Ke2 h5 39. b4 d5 40.
Bb7 Re6+ 41. Kd3 Re4 42. Rxe4 dxe4+ 43. Kc4 Ne8 44. Rc8 Ke7 45. Kc5 Ng4 46. Bc6
Nef6 47. b5 Nxf2 48. b6 e3 49. b7 e2 50. b8=Q N2e4+ 51. Bxe4 Nd7+ 52. Kd4 Nxb8
53. Rc1 fxe4 54. Kxe4 Kf6 55. Re1 Nd7 56. Rxe2 Nc5+ 57. Kf3 Ne6 58. Ra2 Ng5+
59. Kg3 Ne4+ 60. Kh4 Ke5 61. Kxh5 Kf4 62. Kg6 Ke5 63. Ra5+ Kf4 64. Rb5 Nd6 65.
Rd5 Ne4 66. Ra5 Nd6 67. Kf6 Ne4+ 68. Ke6 Ng5+ 69. Kd5 Nf3 70. Ra4+ Kf5 71. Ra8
Kf4 72. Ra4+ Kf5 73. Re4 Ng5 74. Re1 Kf4 75. Rf1+ Nf3 76. Rf2 Ke3 77. Ra2 Kf4
78. Ra3 Ng5 79. Ra4+ Kf5 80. Rh4 Nf3 81. Rh8 Kf4 82. Rf8+ Ke3 83. Rf5 Nd2 84.
Re5+ Kd3 85. Rh5 Nf3 86. Rh3 Ke3 87. Rxf3+ Kxf3 1/2-1/2

[Event "OLNO 2122 SC Empor Potsdam - SK König "]
[Site "?"]
[Date "2022.05.08"]
[Round "6.5"]
[White "Jahnz, Fabian"]
[Black "Milare, Tyron"]
[Result "1/2-1/2"]
[WhiteElo "2254"]
[BlackElo "2300"]
[PlyCount "128"]
[EventDate "2022.??.??"]

1. e4 c5 2. Nf3 d6 3. Bb5+ Bd7 4. Bxd7+ Qxd7 5. O-O Nc6 6. Qe2 Nf6 7. Rd1 g6 8.
c3 Bg7 9. d4 cxd4 10. cxd4 d5 11. e5 Ne4 12. Ne1 h6 13. Nc3 Nxc3 14. bxc3 O-O
15. Nd3 b6 16. Nf4 e6 17. Rd3 Rfc8 18. Rh3 Rc7 19. Qf3 Qe7 20. Ne2 Qf8 21. g4
b5 22. Rb1 Rb8 23. Rb3 b4 24. Bd2 a5 25. cxb4 axb4 26. a3 bxa3 27. Rxb8 Nxb8
28. Qxa3 Qxa3 29. Rxa3 Rc2 30. Ra8 Rxd2 31. Rxb8+ Bf8 32. Kf1 Kg7 33. Rb3 Be7
34. Ke1 Ra2 35. Kf1 Bh4 36. Rh3 Ra1+ 37. Kg2 Re1 38. Nc3 Bg5 39. Rd3 f6 40.
exf6+ Bxf6 41. Re3 Rc1 42. Ne2 Rc6 43. f4 Kf7 44. Kf3 Rb6 45. Rd3 Rb1 46. Nc3
Rf1+ 47. Kg3 Rg1+ 48. Kf3 Bh4 49. Rd1 Re1 50. Rxe1 Bxe1 51. Ne2 Bd2 52. Ng3 Kf6
53. h3 Ke7 54. Nf1 Bc1 55. h4 Bb2 56. Ke3 Bc3 57. Nd2 Kf6 58. Nf3 h5 59. g5+
Kf5 60. Ne5 Be1 61. Kf3 Bxh4 62. Nf7 e5 63. dxe5 Ke6 64. Nh8 Bxg5 1/2-1/2

[Event "OLNO 2122 SC Empor Potsdam - SK König "]
[Site "?"]
[Date "2022.05.08"]
[Round "6.6"]
[White "Trenner, Rolf"]
[Black "Wierzbicki, Jirawat"]
[Result "1-0"]
[WhiteElo "2177"]
[BlackElo "2159"]
[PlyCount "237"]
[EventDate "2022.??.??"]

1. d4 d5 2. c4 dxc4 3. e3 e5 4. Bxc4 exd4 5. Nf3 Bb4+ 6. Bd2 Bxd2+ 7. Qxd2 Nc6
8. exd4 Nf6 9. O-O O-O 10. d5 Ne7 11. Nc3 a6 12. a4 Qd6 13. h3 Rd8 14. Rad1 b6
15. Rfe1 Bb7 16. Re5 Rd7 17. Qe2 Ng6 18. Ne4 Nxe4 19. Rxe4 Re7 20. Rd2 Nf4 21.
Qe3 Qg6 22. Rxf4 Rxe3 23. fxe3 b5 24. Ba2 Qd6 25. Ng5 Rf8 26. Ne4 Qe5 27. d6
cxd6 28. Nxd6 Qxe3+ 29. Rdf2 g5 30. Rf5 Qc1+ 31. Rf1 Qxb2 32. Rxg5+ Kh8 33.
Nxf7+ Rxf7 34. Bxf7 h6 35. Rg8+ Kh7 36. axb5 axb5 37. Rg4 Bc6 38. Bg6+ Kh8 39.
Rf8+ Kg7 40. Rf7+ Kg8 41. Bh5+ Kh8 42. Rf8+ Kh7 43. Bg6+ Kg7 44. Rc8 Qa1+ 45.
Kh2 Qe5+ 46. Rg3 Bd5 47. Rc5 Kf6 48. Rxb5 h5 49. Rb6+ Ke7 50. Rb4 Qe1 51. Rf4
h4 52. Rxh4 Bxg2 53. Rh7+ Kf6 54. Rxg2 Qe5+ 55. Kh1 Qa1+ 56. Rg1 Qa8+ 57. Kh2
Qb8+ 58. Rg3 Qb2+ 59. Rg2 Qe5+ 60. Kh1 Qa1+ 61. Rg1 Qa8+ 62. Kh2 Qb8+ 63. Kg2
Kxg6 64. Rh4 Qb3 65. Kh2+ Kf5 66. Rhg4 Qe3 67. Rf1+ Ke6 68. Rgf4 Qe5 69. h4
Qe2+ 70. R1f2 Qe5 71. Kh3 Qc3+ 72. Kg4 Qg7+ 73. Kh3 Qc3+ 74. R2f3 Qe5 75. Rf8
Qh5 76. Re3+ Kd5 77. Rd8+ Kc4 78. Re4+ Kc5 79. Rf4 Kc6 80. Rc4+ Kb5 81. Rg4 Qf5
82. Rdg8 Qf3+ 83. Rg3 Qf5+ 84. Kg2 Qe4+ 85. Kh3 Qf5+ 86. R8g4 Kc5 87. Kg2 Qc2+
88. Kf3 Qf5+ 89. Rf4 Qh5+ 90. Rgg4 Qd5+ 91. Kg3 Qd3+ 92. Rf3 Qd6+ 93. Kh3 Qd1
94. Rgf4 Kd6 95. h5 Ke5 96. Kg4 Qg1+ 97. Kh4 Qg7 98. Rf7 Qh6 99. Rg3 Qd2 100.
Re3+ Kd6 101. Rff3 Qh2+ 102. Kg5 Qg2+ 103. Rg3 Qd5+ 104. Kh6 Qc4 105. Kh7 Qc7+
106. Kg6 Qc2+ 107. Rd3+ Ke7 108. h6 Qc6+ 109. Kh7 Qe4+ 110. Kh8 Qe5+ 111. Rg7+
Kf6 112. Rf3+ Ke6 113. Rf8 Qh5 114. h7 Kd6 115. Rd8+ Ke6 116. Kg8 Qf5 117. Re8+
Kd6 118. h8=Q Qd5+ 119. Rf7 1-0